| 000 | 00766nam a22002297a 4500 | ||
|---|---|---|---|
| 999 |
_c5581 _d5581 |
||
| 003 | AR-CdUCM | ||
| 008 | 190312b ||||| |||| 00| 0 spa d | ||
| 040 |
_aMUNICIPALIDAD PROVINCIAL DEL CUSCO _cBIBLIOTECA MUNICIPAL DEL CUSCO |
||
| 041 | _heng | ||
| 082 |
_a129.439 / _bL8 |
||
| 100 |
_aLukács, Georg _913104 |
||
| 245 | _aEnsayos sobre el realismo / | ||
| 260 |
_aBuenos Aires : _bEdiciones Siglo Veinte, _c1965. |
||
| 300 |
_a359 páginas ; _c20 cm. |
||
| 500 | _aDonación familia Luis Nieto | ||
| 505 | _aContenido: El realismo Francés -- El realismos Ruso. | ||
| 650 |
_aRealismo en la literatura rusa _916702 |
||
| 650 |
_aRealismo en la literatura francesa. _916703 |
||
| 650 |
_aLiteratura occidental _916704 |
||
| 942 |
_2ddc _cLIBROS |
||
| 945 | _adavv | ||